00687 2200265 4500001002100000005001700021008004100038020000600079035002500085040001200110082001400122084001600136100002200152245007300174250001000247260002600257300002700283500001100310650001400321710002000335850001200355990001800367990001800385990001800403INLIS00000000000558520150914142947.0  a- a0010-051500000000718 aYOPDYOG 223a321.8 a321.8 Emh D aEMHA Ainun Nadjib aDemokrasi La Roiba Fihc/ Emha Ainun Nadjib ; Editor, Prgress Talent aCet.2 aJakartabKompasc2009 avi, 282 hlm.c; 21 cm. aIndeks aDemokrasi aProgress Talent aYOPDYOG a18321-PD/B.15 a18322-PD/B.15 a18323-PD/B.15